00568nam a2200169Ia 4500003000900000008004100009020001800050040001600068080002200084245011300106260004200219300001600261650004100277650002300318700002700341700003000368IN-BaIIA211028s9999 xx 000 0 eng d a90-277-1228-X cIIA Library a082.2:52bIAU-S90 0ainfrared astronomycedited by C. G.Wynn-Williams and D. P. Cruikshank  aDordrechtbD. Reidel Publishingc1980 axiii, 376p. aAstronomy and Astrophysics thesaurus ainfrared astronomy aCruikshank, D. P., ed. aWynn-Williams, C. G., ed.